000 00296pam a2200133 a 4500
020 _c
041 _h
082 _a750
_bGUP
245 _aPlaces in Art
_bPlaces in Art
_hTextual Documents
250 _a1998.
260 _a[s.l]:
_bNational Gallary MQ
300 _a144:
_bpaper.
930 _a3102
999 _c236892
_d236892